<?xml version="1.0" encoding="UTF-8"?>
<record
    xmlns:xsi="http://www.w3.org/2001/XMLSchema-instance"
    xsi:schemaLocation="http://www.loc.gov/MARC21/slim http://www.loc.gov/standards/marcxml/schema/MARC21slim.xsd"
    xmlns="http://www.loc.gov/MARC21/slim">

  <leader>03060nam a2200325 a 4500</leader>
  <controlfield tag="001">000004462</controlfield>
  <controlfield tag="003">DO-SdBNP</controlfield>
  <controlfield tag="005">20240410111832.0</controlfield>
  <controlfield tag="007">ta</controlfield>
  <controlfield tag="008">090723e1996    dr      r     000 0 spa d</controlfield>
  <datafield tag="040" ind1=" " ind2=" ">
    <subfield code="a">DO-SdBNP</subfield>
    <subfield code="b">spa</subfield>
    <subfield code="c">BNPHU</subfield>
  </datafield>
  <datafield tag="082" ind1=" " ind2="4">
    <subfield code="a">332.112</subfield>
    <subfield code="b">V145u</subfield>
    <subfield code="2">22</subfield>
  </datafield>
  <datafield tag="100" ind1="1" ind2=" ">
    <subfield code="a">Valdez Albizu, H&#xE9;ctor,</subfield>
    <subfield code="d">1947-</subfield>
    <subfield code="9">12322</subfield>
    <subfield code="e">autor</subfield>
  </datafield>
  <datafield tag="245" ind1="1" ind2="3">
    <subfield code="a">Un camino hacia el desarrollo :</subfield>
    <subfield code="b">conferencias y discursos /</subfield>
    <subfield code="c">H&#xE9;ctor Vald&#xE9;z Albizu ; pr&#xF3;logo, Hugo Guilini Cury.</subfield>
  </datafield>
  <datafield tag="264" ind1=" " ind2=" ">
    <subfield code="a">Santo Domingo :</subfield>
    <subfield code="b">Banco Central de la Rep&#xFA;blica Dominicana,</subfield>
    <subfield code="c">1996.</subfield>
  </datafield>
  <datafield tag="300" ind1=" " ind2=" ">
    <subfield code="a">165 p&#xE1;ginas ;</subfield>
    <subfield code="c">23 cm.</subfield>
  </datafield>
  <datafield tag="336" ind1=" " ind2=" ">
    <subfield code="2">rdacontent</subfield>
    <subfield code="a">texto</subfield>
    <subfield code="b">txt</subfield>
  </datafield>
  <datafield tag="337" ind1=" " ind2=" ">
    <subfield code="2">rdamedia</subfield>
    <subfield code="a">sin mediaci&#xF3;n</subfield>
    <subfield code="b">n</subfield>
  </datafield>
  <datafield tag="338" ind1=" " ind2=" ">
    <subfield code="2">rdacarrier</subfield>
    <subfield code="a">volumen</subfield>
    <subfield code="b">nc</subfield>
  </datafield>
  <datafield tag="505" ind1=" " ind2=" ">
    <subfield code="t">Discurso ante el Comit&#xE9; de Desarrollo del Banco Internacional de Reconstrucci&#xF3;n y Fomento Monetario Internacional</subfield>
    <subfield code="t">Discurso puesta en circulaci&#xF3;n del libro La isla de Santo Domingo antes de Col&#xF3;n /</subfield>
    <subfield code="r">Marcio Veloz Maggiolo</subfield>
    <subfield code="t">Discurso con motivo de la celebraci&#xF3;n del cuadrag&#xE9;simo s&#xE9;ptimo aniversario de la instituci&#xF3;n --</subfield>
    <subfield code="t">Discurso ante los miembros de la C&#xE1;mara Americana de Comercio de la Rep&#xFA;blica Dominicana --</subfield>
    <subfield code="t">Discurso en ocasi&#xF3;n de la inauguraci&#xF3;n de la Exposici&#xF3;n Centenario del Manifiesto de Montecristi --</subfield>
    <subfield code="t">Discurso en la quinta sesi&#xF3;n plenaria de la Asamblea de Gobernadores del Banco Interamericano de Desarrollo</subfield>
    <subfield code="t">Palabras en ocasi&#xF3;n para la apertura de exposici&#xF3;n el papel moneda en la sala Yoryi Morel del Centro de la Cultura de Santiago --</subfield>
    <subfield code="t">Discurso ante la Asociaci&#xF3;n de Comerciantes e Industriales de Santiago--</subfield>
    <subfield code="t">Discurso en el acto conmemorativo del cuadrag&#xE9;simo octavo aniversario de la instituci&#xF3;n --</subfield>
    <subfield code="t">Palabras, en el acto de puesta en circulaci&#xF3;n de la obra Pertil del Banco Central --</subfield>
    <subfield code="t">Discurso ante el Consejo de las Am&#xE9;ricas--</subfield>
    <subfield code="t">Disertaci&#xF3;n ofrecida el 15 de marzo de 1996, ante la C&#xE1;mara Americana de Comercio de la Rep&#xFA;blica Dominicana por el gobernador del Banco Central --</subfield>
    <subfield code="t">Discurso en la quinta sesi&#xF3;n plenaria del Banco Interamericano de Desarrollo --</subfield>
    <subfield code="t">Palabras en el acto de celebraci&#xF3;n del vig&#xE9;simo primer aniversario del INDOTEC --</subfield>
    <subfield code="t">Palabras del acto de apertura del Seminario Regional sobre la Implementaci&#xF3;n del Sistema de Cuentas Nacionales 1993</subfield>
    <subfield code="t">Palabras en la apertura de la exposici&#xF3;n artesan&#xED;as, manualidades y pinturas para los padres bancentralianos</subfield>
    <subfield code="t">Palabras con motivo del acto de inauguraci&#xF3;n de la Sala de Filatelia del Museo Numism&#xE1;tico y Filat&#xE9;lico.</subfield>
  </datafield>
  <datafield tag="590" ind1=" " ind2=" ">
    <subfield code="a">Inventariado, 2024 / MF</subfield>
  </datafield>
  <datafield tag="600" ind1="1" ind2="0">
    <subfield code="a">Valdez Albizu, H&#xE9;ctor,</subfield>
    <subfield code="d">1947-</subfield>
    <subfield code="9">12322</subfield>
  </datafield>
  <datafield tag="650" ind1=" " ind2="4">
    <subfield code="a">Pol&#xED;tica monetaria</subfield>
    <subfield code="z">Rep&#xFA;blica Dominicana</subfield>
    <subfield code="x">Congresos, conferencias, etc.</subfield>
    <subfield code="9">12336</subfield>
  </datafield>
  <datafield tag="651" ind1=" " ind2="4">
    <subfield code="a">Rep&#xFA;blica Dominicana</subfield>
    <subfield code="x">Pol&#xED;tica Econ&#xF3;mica</subfield>
    <subfield code="x">Congresos, Conferencias, Etc.</subfield>
    <subfield code="9">12065</subfield>
  </datafield>
  <datafield tag="651" ind1=" " ind2="4">
    <subfield code="a">Rep&#xFA;blica Dominicana</subfield>
    <subfield code="x">Pol&#xED;tica Y Gobierno</subfield>
    <subfield code="x">Congresos, Conferencias, Etc.</subfield>
    <subfield code="9">13070</subfield>
  </datafield>
  <datafield tag="651" ind1=" " ind2="4">
    <subfield code="a">Rep&#xFA;blica Dominicana</subfield>
    <subfield code="x">Condiciones Econ&#xF3;micas</subfield>
    <subfield code="x">Congresos, Conferencias, Etc.</subfield>
    <subfield code="9">8547</subfield>
  </datafield>
  <datafield tag="700" ind1="1" ind2=" ">
    <subfield code="a">Guilini Cury, Hugo,</subfield>
    <subfield code="e">pr&#xF3;logo</subfield>
    <subfield code="9">13071</subfield>
  </datafield>
  <datafield tag="910" ind1=" " ind2=" ">
    <subfield code="a">Validado. Control de calidad MFF</subfield>
  </datafield>
  <datafield tag="942" ind1=" " ind2=" ">
    <subfield code="2">ddc</subfield>
    <subfield code="c">LBS1</subfield>
  </datafield>
  <datafield tag="952" ind1=" " ind2=" ">
    <subfield code="0">0</subfield>
    <subfield code="1">0</subfield>
    <subfield code="2">ddc</subfield>
    <subfield code="5">6</subfield>
    <subfield code="7">0</subfield>
    <subfield code="8">DS</subfield>
    <subfield code="a">BNPHU</subfield>
    <subfield code="b">BNPHU</subfield>
    <subfield code="c">HD</subfield>
    <subfield code="d">2011-04-14</subfield>
    <subfield code="l">0</subfield>
    <subfield code="o">BNPHU DS 332.112 V145u</subfield>
    <subfield code="p">4462-40</subfield>
    <subfield code="r">2020-06-25</subfield>
    <subfield code="t">e. 4</subfield>
    <subfield code="w">2020-06-25</subfield>
    <subfield code="y">LBS1</subfield>
    <subfield code="Z">Pr&#xE9;stamo en sala</subfield>
  </datafield>
  <datafield tag="952" ind1=" " ind2=" ">
    <subfield code="0">0</subfield>
    <subfield code="1">0</subfield>
    <subfield code="2">ddc</subfield>
    <subfield code="5">6</subfield>
    <subfield code="7">0</subfield>
    <subfield code="8">DS</subfield>
    <subfield code="a">BNPHU</subfield>
    <subfield code="b">BNPHU</subfield>
    <subfield code="c">HD</subfield>
    <subfield code="d">2013-06-03</subfield>
    <subfield code="l">0</subfield>
    <subfield code="o">BNPHU DS 332.112 V145u</subfield>
    <subfield code="p">4462-50</subfield>
    <subfield code="r">2020-06-25</subfield>
    <subfield code="t">e. 5</subfield>
    <subfield code="w">2020-06-25</subfield>
    <subfield code="y">LBS1</subfield>
    <subfield code="Z">Pr&#xE9;stamo en sala</subfield>
  </datafield>
  <datafield tag="952" ind1=" " ind2=" ">
    <subfield code="0">0</subfield>
    <subfield code="1">0</subfield>
    <subfield code="2">ddc</subfield>
    <subfield code="5">1</subfield>
    <subfield code="7">0</subfield>
    <subfield code="8">PD</subfield>
    <subfield code="a">BNPHU</subfield>
    <subfield code="b">BNPHU</subfield>
    <subfield code="c">HD</subfield>
    <subfield code="d">1999-11-23</subfield>
    <subfield code="e">Perteneci&#xF3; a la biblioteca personal de Germ&#xE1;n Emilio Ornes. Dedicado</subfield>
    <subfield code="l">0</subfield>
    <subfield code="o">BNPHU PD 332.112 V145u</subfield>
    <subfield code="p">4462-10</subfield>
    <subfield code="r">2020-06-25</subfield>
    <subfield code="w">2020-06-25</subfield>
    <subfield code="y">LBS1</subfield>
    <subfield code="z">Ejemplar autografiado por el autor</subfield>
    <subfield code="Z">No se presta</subfield>
  </datafield>
  <datafield tag="952" ind1=" " ind2=" ">
    <subfield code="0">0</subfield>
    <subfield code="1">0</subfield>
    <subfield code="2">ddc</subfield>
    <subfield code="5">1</subfield>
    <subfield code="7">0</subfield>
    <subfield code="8">PD</subfield>
    <subfield code="a">BNPHU</subfield>
    <subfield code="b">BNPHU</subfield>
    <subfield code="c">HD</subfield>
    <subfield code="d">2011-02-11</subfield>
    <subfield code="l">0</subfield>
    <subfield code="o">BNPHU PD 332.112 V145u</subfield>
    <subfield code="p">4462-20</subfield>
    <subfield code="r">2020-06-25</subfield>
    <subfield code="t">e. 2</subfield>
    <subfield code="w">2020-06-25</subfield>
    <subfield code="y">LBS1</subfield>
    <subfield code="Z">No se presta</subfield>
  </datafield>
  <datafield tag="952" ind1=" " ind2=" ">
    <subfield code="0">0</subfield>
    <subfield code="1">0</subfield>
    <subfield code="2">ddc</subfield>
    <subfield code="5">6</subfield>
    <subfield code="7">0</subfield>
    <subfield code="8">DS</subfield>
    <subfield code="a">BNPHU</subfield>
    <subfield code="b">BNPHU</subfield>
    <subfield code="c">HD</subfield>
    <subfield code="d">2011-05-30</subfield>
    <subfield code="l">0</subfield>
    <subfield code="o">BNPHU DS 332.112 V145u</subfield>
    <subfield code="p">4462-30</subfield>
    <subfield code="r">2020-06-25</subfield>
    <subfield code="t">e. 3</subfield>
    <subfield code="w">2020-06-25</subfield>
    <subfield code="y">LBS1</subfield>
    <subfield code="Z">Pr&#xE9;stamo en sala</subfield>
  </datafield>
  <datafield tag="999" ind1=" " ind2=" ">
    <subfield code="c">4271</subfield>
    <subfield code="d">4271</subfield>
  </datafield>
</record>
